Normal view
MARC view
Entry Corporate Name
001 - CONTROL NUMBER
- control field: 42811
003 - CONTROL NUMBER IDENTIFIER
- control field: ARRUPE
005 - DATE AND TIME OF LATEST TRANSACTION
- control field: 20181009100611.0
008 - FIXED-LENGTH DATA ELEMENTS
- fixed length control field: 181009|| aca||aabn | a|a d
040 ## - CATALOGING SOURCE
- Original cataloging agency: ARRUPE
- Transcribing agency: ARRUPE
110 ## - HEADING--CORPORATE NAME
- Corporate name or jurisdiction name as entry element: Catholic Church
- Form subdivision: Prayers and devotions.
670 ## - SOURCE DATA FOUND
- Source citation: Work cat.: (ARRUPE)0: Martini, Carlo Maria, 1927-2012. 1397, The new wine :, c1994.